<Das> richtige Wort zur rechten Zeit

Na minha lista:
Detalhes bibliográficos
Formato: Livro
Idioma:alemão
Publicado em: Thalwill Emil Oesch Verlag 1945
Tags: Adicionar Tag
Sem tags, seja o primeiro a adicionar uma tag!

MARC

LEADER 00000nam a2200000 4500
001 0267721
005 20240822101710.0
041 0 |a ger 
044 |a CH 
245 1 0 |a <Das> richtige Wort zur rechten Zeit  |c Emil Oesch 
264 1 |a Thalwill  |b Emil Oesch Verlag  |c 1945